| 000 | 00459nam a22001577a 4500 | ||
|---|---|---|---|
| 003 | OSt | ||
| 005 | 20251231124022.0 | ||
| 008 | 251231b |||||||| |||| 00| 0 eng d | ||
| 040 |
_aLC _cJCSC |
||
| 050 |
_aJZ 5660 _b.A47 1984 |
||
| 100 | _aFaisal Odeh Matlag AL-Rfouh | ||
| 245 |
_aUnited nations ,league of arab states and palestinians / _cAL-Rfouh M.O.F. |
||
| 260 |
_aNew delhi : _bBhalla book service ; _c1984. |
||
| 300 | _a134 pages. | ||
| 942 |
_2lcc _cBK _n0 |
||
| 999 |
_c23390 _d23389 |
||